Normal view MARC view

Entry Personal Name

Number of records used in: 1

001 - CONTROL NUMBER

  • control field: 62971

003 - CONTROL NUMBER IDENTIFIER

  • control field: dpl

005 - DATE AND TIME OF LATEST TRANSACTION

  • control field: 20240307164434.0

008 - FIXED-LENGTH DATA ELEMENTS

  • fixed length control field: 240307|| aca||aabn | a|a d

040 ## - CATALOGING SOURCE

  • Original cataloging agency: dpl
  • Transcribing agency: dpl

100 ## - HEADING--PERSONAL NAME

  • Personal name: सांकृत्यायन , राहुल

670 ## - SOURCE DATA FOUND

  • Source citation: Work cat.: (dpl)201308: सांकृत्यायन , राहुल , नये भारत के नये नेता /, 2023

© Delhi Public Library
Hit Counter
free hit counter